| 000 | 00538nam a2200217Ia 4500 | ||
|---|---|---|---|
| 005 | 20251121152754.0 | ||
| 008 | 230125s9999 xx 000 0 und d | ||
| 020 | _a9789385965654 | ||
| 041 | _aeng | ||
| 082 |
_a158.1 _bSHA |
||
| 100 |
_aSharma A _9215309 |
||
| 245 | _aThe Equation of Success | ||
| 250 | _aEd.1st | ||
| 260 |
_c2016 _bMcGraw-Hill _aNew Delhi |
||
| 300 | _a158p | ||
| 500 | _aPersonality Development | ||
| 650 |
_aPersonality Development _9213420 |
||
| 700 |
_aSharma A _9215309 |
||
| 906 | _b85.25 | ||
| 942 | _cBK | ||
| 999 |
_c94681 _d94681 |
||